US Populous Cities A-Z Quiz Stats

 Plays Quiz Updated Jun 8, 2018

Score 0/26 Timer 06:00
3 Plays Today
letter City % Correct
NNew York City, New York
97.8%
LLos Angeles, California
90.4%
CChicago, Illinois
86.2%
DDallas, Texas
77.8%
HHouston, Texas
76.5%
WWashington, DC
61.7%
PPhoenix, Arizona
58.5%
AAustin, Texas
57.3%
SSan Antonio, Texas
56.6%
BBoston, Massachusetts
55.7%
IIndianapolis, Indiana
53.8%
JJacksonville, Florida
52.3%
KKansas City, Missouri
46.4%
letter City % Correct
OOklahoma City, Oklahoma
40.3%
MMemphis, Tennessee
35.8%
RRaleigh, North Carolina
31.5%
EEl Paso, Texas
26.2%
FFort Worth, Texas
25.8%
VVirginia Beach, Virginia
18.6%
TTucson, Arizona
18.4%
YYonkers, New York
15.9%
QQuincy, Massachusetts
14.6%
ZZanesville, Ohio
10.6%
XXenia, Ohio
10.4%
GGreensboro, North Carolina
9.2%
UUpland, California
3.2%

You're not logged in!

Compare scores with friends on all Sporcle quizzes.
OR
Log In

Sporcle TV

Today on Sporcle TV


Watch our educational content, quiz creation guides, and fun videos on Sporcle TV.

Show Comments

Extras

Top Quizzes Today


Score Distribution

Your Account Isn't Verified!

In order to create a playlist on Sporcle, you need to verify the email address you used during registration. Go to your Sporcle Settings to finish the process.

Report this User

Report this user for behavior that violates our Community Guidelines.

Details: